000 00578nam a2200217Ia 4500
003 OSt
005 20220926035756.0
006 a|||||r|||| 00| 0
007 ta
008 220923b |||||||| |||| 00| 0 eng d
037 _cGeneral Book
040 _aRTL
_cRTL
_beng
041 _2eng
_aeng
082 _aX62.492.N3, G5
100 _aHimadeh Sa'id B
_9342752
245 0 _aMonetary and banking system of Syria
260 _c1935
650 _aOther Countries
_9231018
942 _hX62.492.N3, G5
_cGB
_2CC
999 _c663060
_d663060